<?xml version="1.0" encoding="UTF-8"?>
<marc:record xmlns:marc="http://www.loc.gov/MARC21/slim">
   <marc:leader>00000nam a2200000 a 4500</marc:leader>
   <marc:datafield ind1="0" ind2="0" tag="245">
      <marc:subfield code="a">Am grünen Rand der Welt</marc:subfield>
   </marc:datafield>
   <marc:datafield ind1=" " ind2="1" tag="264">
      <marc:subfield code="b">Twentieth Century Fox</marc:subfield>
      <marc:subfield code="c">2015</marc:subfield>
   </marc:datafield>
   <marc:datafield ind1="1" ind2=" " tag="520">
      <marc:subfield code="a">Im England des 19. Jahrhunderts lebt Bathsheba Everdene ein unkonventionelles Leben. Die junge, intelligente und sehr eigenwillige Frau liebt ihre Unabhängigkeit. Dabei wird sie von drei Männern umgarnt. Der attraktive Schäfer Gabriel Oak schätzt ihren Eigensinn und macht ihr prompt einen Heiratsantrag, den sie jedoch ablehnt. Der wohlhabende Gutsbesitzer William Boldwood ist fasziniert und verwundert zugleich von dieser modernen Frau, aber auch seinen Heiratsantrag lehnt sie ab. Und dann trifft Bathsheba auf den selbstbewussten Offizier Frank Troy und gerät in seinen gefährlichen Bann. (Verlagstext)</marc:subfield>
   </marc:datafield>
   <marc:datafield ind1="3" ind2=" " tag="024">
      <marc:subfield code="a">4010232066459</marc:subfield>
   </marc:datafield>
</marc:record>
